00872 2200265 4500001002100000005001500021008000500036020002200041035002400063040001200087082001900099084002100118245020300139250001000342260005300352300004400405500003100449500001100480650002100491700003400512850001200546990001600558990001600574990001600590YOGYA00000000009952720140823124113 ind a978-979-461-804-3 0010-101300000000408 aYOPDYOG 2[22]a959.8122 aNUS 959.8122 Kon aKONSEPKU membangun bangso Batak :bmanusia, agama dan budaya (terima kasih kami kepada misionnaris RMG setelah 150 Tahun jubileum agama Kristen di tanah Batak / editor, Bungaran Antonius Simanjuntak aCet.1 aJakarta :bYayasan Pustaka Obor Indonesia,c2012 axv, 413 hlm.:bilus .;c24 cm. (3 eks.) aBibliografi : hlm. 399-402 aIndeks aKebudayaan Batak aBungaran Antonius Simanjuntak aYOPDYOG a0946/B.2013 a0947/B.2013 a0948/B.2013